Stadtteil-Quiz Stuttgart - Statistiken

Allgemein
  • Dieses Quiz wurde 89 mal gespielt
  • Das Durchschnittsergebnis liegt bei 27 aus 152
Antwortstatistiken
Land % Korrekt
Degerloch
56%
Münster
54%
Wangen
54%
Sillenbuch
46%
Untertürkheim
46%
Obertürkheim
45%
Mühlhausen
44%
Hedelfingen
42%
Killesberg
42%
Plieningen
42%
Hallschlag
39%
Neugereut
38%
Rohr
38%
Weilimdorf
37%
Fasanenhof
34%
Heslach
34%
Heumaden
34%
Rot
34%
Bopser
32%
Feuersee
32%
Hofen
30%
Kaltental
30%
Gaisburg
28%
Sommerrain
28%
Sonnenberg
28%
Berg
27%
Dürrlewang
27%
Gablenberg
27%
Weinsteige
27%
Asemwald
25%
Hohenheim
25%
Freiberg
24%
Mönchfeld
24%
Universität
24%
Büsnau
23%
Europaviertel
23%
Möhringen-Ost
23%
Waldau
23%
Zazenhausen
23%
Möhringen-Nord
21%
Möhringen-Süd
21%
Steinhaldenfeld
21%
Vogelsang
21%
Giebel
20%
Südheim
20%
Birkach-Nord
18%
Birkach-Süd
18%
Hauptbahnhof
18%
Nordbahnhof
18%
Rathaus
18%
Stöckach
18%
Uhlbach
18%
Vaihingen-Mitte
18%
Wasen
18%
Möhringen-Mitte
17%
Neuwirtshaus
17%
Österfeld
17%
Ostheim
17%
Rotenberg
17%
Schönberg
17%
Steckfeld
17%
Auf der Prag
15%
Botnang-Nord
15%
Botnang-Ost
15%
Botnang-Süd
15%
Botnang-West
15%
Frauenkopf
15%
Lehen
15%
Luginsland
15%
Oberer Schlossgarten
15%
Stammheim-Mitte
15%
Stammheim-Süd
15%
Zuffenhausen-Mitte
15%
Dachswald
14%
Feuerbach Mitte
14%
Haigst
14%
Heusteigviertel
14%
Hoffeld
14%
Hölderlinplatz
14%
Karlshöhe
14%
Kräherwald
14%
Riedenberg
14%
Rohracker
14%
Rotebühl
14%
Solitude
14%
Wolfbusch
14%
Bergheim
13%
Burgholzhof
13%
Espan
13%
Hausen
13%
Heilbronner Straße
13%
Weißenhof
13%
Altenburg
11%
Am Bismarckturm
11%
Cannstatt-Mitte
11%
Dobel
11%
Fasanenhof-Ost
11%
Feuerbach-Ost
11%
Hafen
11%
Kurpark
11%
Lederberg
11%
Mönchhalde
11%
Pfaffenwald
11%
Seelberg
11%
Tränke
11%
Uhlandshöhe
11%
Benzviertel
10%
Diemershalde
10%
Feuerbacher Tal
10%
Hasenberg
10%
Höhenrand
10%
Im Raiser
10%
Lauchäcker
10%
Lemberg / Föhrich
10%
Neckarvorstadt
10%
Pragstraße
10%
Rosenberg
10%
Veielbrunnen
10%
Wallgraben-West
10%
Am Pragfriedhof
8%
Chausseefeld
8%
Elbelen
8%
Heerstraße
8%
Im Geiger
8%
Kernerviertel
8%
Mönchsberg
8%
Neue Vorstadt
8%
Relenberg
8%
Schmidener Vorstadt
8%
Wallgraben-Ost
8%
Weilimdorf-Nord
8%
Wildpark
8%
Am Rosensteinpark
7%
Bahnhof Feuerbach
7%
Hohe Warte
7%
Lenzhalde
7%
Lindenschulviertel
7%
Muckensturm
7%
Rosental
7%
Sternhäule
7%
Winterhalde
7%
Birkenäcker
6%
Bruckwiesen
6%
Frauensteg
6%
Gänsheide
6%
Hohenstein
6%
Schützenbühl
6%
Am Stadtpark
4%
An der Burg
4%
Flohberg
4%
Gehrenwald
4%
Siegelberg
4%
Keine übereinstimmenden Quizze gefunden
Verteilung der Resultate
Anzahl Personen mit jedem Resultat
Perzentil nach korrekt beantworteten Fragen
Ihre Resultats-Entwicklung
Sie haben dieses Quiz noch nicht gespielt